| 000 -LEADER |
| fixed length control field |
01418cam a2200361 a 4500 |
| 001 - CONTROL NUMBER |
| control field |
3013272 |
| 005 - DATE AND TIME OF LATEST TRANSACTION |
| control field |
20200812132138.0 |
| 008 - FIXED-LENGTH DATA ELEMENTS--GENERAL INFORMATION |
| fixed length control field |
940302s1995 nyua b 001 0 eng |
| 010 ## - LIBRARY OF CONGRESS CONTROL NUMBER |
| LC control number |
94006507 |
| 020 ## - INTERNATIONAL STANDARD BOOK NUMBER |
| International Standard Book Number |
0387942858 (New York : acidfree paper) |
| 020 ## - INTERNATIONAL STANDARD BOOK NUMBER |
| International Standard Book Number |
3540942858 (Berlin : acidfree paper) |
| 040 ## - CATALOGING SOURCE |
| Original cataloging agency |
DLC |
| Transcribing agency |
DLC |
| Modifying agency |
DLC |
| 041 ## - LANGUAGE CODE |
| Language code of text/sound track or separate title |
eng |
| 050 00 - LIBRARY OF CONGRESS CALL NUMBER |
| Classification number |
QA174.2 |
| Item number |
.R67 1995 |
| 080 ## - UNIVERSAL DECIMAL CLASSIFICATION NUMBER |
| Universal Decimal Classification number |
512.2 R-82 |
| 082 00 - DEWEY DECIMAL CLASSIFICATION NUMBER |
| Edition number |
|
| 100 1# - MAIN ENTRY--PERSONAL NAME |
| Personal name |
Rotman, Joseph J., |
| Dates associated with a name |
1934- |
| 9 (RLIN) |
9179 |
| 245 13 - TITLE STATEMENT |
| Title |
An introduction to the theory of groups / |
| Statement of responsibility, etc. |
Joseph Rotman. |
| 250 ## - EDITION STATEMENT |
| Edition statement |
4th ed. |
| 264 ## - PRODUCTION, PUBLICATION, DISTRIBUTION, MANUFACTURE, AND COPYRIGHT NOTICE |
| Place of production, publication, distribution, manufacture |
New York : |
| Name of producer, publisher, distributor, manufacturer |
Springer-Verlag, |
| Date of production, publication, distribution, manufacture, or copyright notice |
c1995. |
| 300 ## - PHYSICAL DESCRIPTION |
| Extent |
xiv, 513 p. : |
| Other physical details |
37 ill. ; |
| Dimensions |
24 cm. |
| 440 #0 - SERIES STATEMENT/ADDED ENTRY--TITLE |
| Title |
Graduate texts in mathematics ; |
| Volume/sequential designation |
148 |
| 9 (RLIN) |
9001 |
| 500 ## - GENERAL NOTE |
| General note |
Col. ill. on lining papers. |
| 504 ## - BIBLIOGRAPHY, ETC. NOTE |
| Bibliography, etc. note |
Includes bibliographical references (p. [495]-497) and index. |
| 650 #0 - SUBJECT ADDED ENTRY--TOPICAL TERM |
| Topical term or geographic name entry element |
Group theory. |
| 9 (RLIN) |
9180 |
| 653 ## - INDEX TERM--UNCONTROLLED |
| keyword |
შესავალი ჯგუფების თეორიაში |
| 653 ## - INDEX TERM--UNCONTROLLED |
| keyword |
მათემატიკა |
| 856 42 - ELECTRONIC LOCATION AND ACCESS |
| Materials specified |
Publisher description |
| Uniform Resource Identifier |
http://www.loc.gov/catdir/enhancements/fy0818/94006507-d.html |
| 856 41 - ELECTRONIC LOCATION AND ACCESS |
| Materials specified |
Table of contents only |
| Uniform Resource Identifier |
http://www.loc.gov/catdir/enhancements/fy0818/94006507-t.html |
| 906 ## - LOCAL DATA ELEMENT F, LDF (RLIN) |
| a |
7 |
| b |
cbc |
| c |
orignew |
| d |
1 |
| e |
ocip |
| f |
19 |
| g |
y-gencatlg |
| 942 ## - ADDED ENTRY ELEMENTS (KOHA) |
| Source of classification or shelving scheme |
|
| Koha item type |
წიგნი |